000 00879nam a2200253Ia 4500
003 OSt
005 20220923212014.0
006 a|||||r|||| 00| 0
007 ta
008 220922b |||||||| |||| 00| 0 hin d
024 _a149,755
037 _cTextual
040 _aARTS
_cARTS
_bhin
041 _2hin
_ahin
082 _a2:97, 152M1
100 _aतेजोमूर्ति, ए
_9161873
245 0 _aप्रलेखीय ग्रन्थ वर्णन
246 _aPralekhīya grantha varṇana
260 _aभोपाल
_b मध्य प्रदेश हिन्दी अकादमी
_c1981
300 _a210p.
_ccm.
650 _aपुस्तकालय-सूचना प्रौद्योगिकी
_9158639
942 _h2:97, 152M1
_cTEXL
_2CC
999 _c305435
_d305435